000
00508nam a2200181Ia 4500
008
090124s9999 xx 000 0 und d
082
_b
2541
100
_a
पटवर्धन वसंत
245
_a
मेघदूत
250
_a
1
260
_b
केदार प्रकाशन
_c
1971
300
_a
64
600
_a
पटवर्धन वसंत
630
_a
मेघदूत
700
_a
पटवर्धन वसंत
730
_a
मेघदूत
942
_c
BOOK
999
_c
82473
_d
82473